[Event "IV Open"]
[Site "Palma ESP"]
[Date "2009.11.22"]
[Round "3"]
[White "Ahlstrom,Per"]
[Black "Zygouris,H"]
[Result "0-1"]
[WhiteElo "1910"]
[BlackElo "2246"]

1.e4 c5 2.Nf3 e6 3.d4 cxd4 4.Nxd4 a6 5.Nc3 Qc7 6.g3 Bb4 7.Ne2 Nf6 8.Bg2 O-O
9.O-O d6 10.a3 Bc5 11.h3 Nc6 12.Bg5 Ne8 13.Qd2 Ne5 14.b3 b5 15.Kh2 Bb7 16.f4 Ng6
17.f5 Ne5 18.f6 g6 19.Bh6 Rc8 20.Bxf8 Kxf8 21.Rf4 Qb6 22.Nd1 Qd8 23.Nb2 Nxf6
24.b4 Ba7 25.Rxf6 Qxf6 26.Qxd6+ Kg8 27.Rf1 Qg5 28.Nd3 Bb8 29.Qb6 Qe7 30.Nc5 Rxc5
31.Qxc5 Qxc5 32.bxc5 Ba7 33.a4 Bxc5 34.axb5 axb5 35.Rd1 Nc4 36.Rd7 Bc6 37.Rc7 Ne5
38.Nf4 Bd6 39.Rc8+ Kg7 40.Nd3 Bb7 41.Rc3 Nxd3 42.Rxd3 Be5 43.Rd7 Bc6 44.Rd8 b4
45.Rc8 Bb7 46.Rc4 Bc3 47.Kg1 Ba6 48.Rc7 Bd4+ 49.Kh2 h5 50.h4 Be2 51.Rc8 Kf6
52.Rc7 Bc3 53.Kg1 Bd1 54.Kf2 Bxc2 55.Ke2 b3 56.Rxc3 b2 57.Rf3+ Ke5 58.Rf1 Kd4  0-1

[Event "ch-CXG IRT JC Ferreira"]
[Site "Rio de Janeiro BRA"]
[Date "2009.11.28"]
[Round "3"]
[White "Rabello,D"]
[Black "Dacal Mendes,J"]
[Result "0-1"]
[WhiteElo "1976"]
[BlackElo "1848"]

1.e4 c5 2.Nf3 a6 3.d4 cxd4 4.Nxd4 e6 5.Nc3 Qc7 6.Be2 d6 7.Be3 Bd7 8.O-O Nf6
9.f4 Be7 10.f5 Nc6 11.fxe6 fxe6 12.Bh5+ g6 13.Be2 O-O-O 14.a3 Ne5 15.a4 Nc4
16.Bxc4 Qxc4 17.Ra3 d5 18.Rb3 e5 19.Nxd5 Nxd5 20.exd5 Qxd5 21.Rc3+ Kb8 22.Nb3 Bxa4
23.Rd3 Qe6 24.Nc5 Qc6 25.Nxa4 Qxa4 26.Bb6 Rxd3 27.Qxd3 Qc6 28.Qe3 Qe6 29.Bd4 Bd6
30.Ba7+ Ka8 31.Qb6 Rc8 32.Qe3 Rxc2 33.Bd4 Qd5 34.Qh3 Qxd4+  0-1

[Event "Open"]
[Site "Figueira da Foz POR"]
[Date "2009.11.30"]
[Round "2"]
[White "Beltran Ortiz,E"]
[Black "Pais,B"]
[Result "1-0"]
[WhiteElo "1901"]
[BlackElo "1712"]

1.e4 c5 2.Nf3 e6 3.d4 cxd4 4.Nxd4 a6 5.Nc3 Bc5 6.Be3 Qb6 7.Na4 Qa5+ 8.c3 Ba7
9.b4 Qc7 10.b5 e5 11.b6 Bxb6 12.Nxb6 Qxb6 13.Nb5 Qc6 14.Nd6+ Kf8 15.Be2 Nf6
16.O-O Nxe4 17.Nxe4 Qxe4 18.Qd6+ Ke8 19.Bc5 Nc6 20.Bf3 Qg6 21.Qc7 f5 22.Bxc6  1-0

[Event "1st ACP Women World Rapid Cup"]
[Site "Konya TUR"]
[Date "2009.12.02"]
[Round "8"]
[White "Socko,M"]
[Black "Javakhishvili,L"]
[Result "1-0"]
[WhiteElo "2457"]
[BlackElo "2482"]

1.e4 c5 2.Nf3 e6 3.d4 cxd4 4.Nxd4 a6 5.Nc3 Qc7 6.Be2 Nf6 7.a3 Be7 8.Be3 d6
9.f4 b5 10.Bf3 Bb7 11.g4 Nc6 12.f5 Nxd4 13.Bxd4 h6 14.Qe2 e5 15.Be3 Bc6 16.O-O Qb7
17.Qg2 a5 18.Rfd1 b4 19.axb4 Qxb4 20.Rab1 a4 21.h4 a3 22.Na2 Qa5 23.b4 Qc7
24.g5 hxg5 25.hxg5 Nd7 26.c4 Nb6 27.Rdc1 Bb7 28.c5 dxc5 29.bxc5 Na4 30.Qe2 Ba6
31.Qc2 Nb2 32.Nb4 Qa5 33.Nc6 Bd3 34.Nxa5 Bxc2 35.Rxc2 Rxa5 36.Ra1 O-O 37.c6 Rc8
38.Be2 Ra4 39.Kf2 Bd6 40.f6 Kh7 41.Bg4 Rc7 42.Bb6 gxf6 43.gxf6 Nd3+ 44.Ke3 Nb4
45.Bf5+ Kh6 46.Rg2 Nc2+ 47.Rxc2 a2 48.Bxc7 Ra3+ 49.Ke2  1-0

[Event "ch-IND National A"]
[Site "Mumbai IND"]
[Date "2009.12.02"]
[Round "2"]
[White "Gopal,G"]
[Black "Anurag,M"]
[Result "1-0"]
[WhiteElo "2593"]
[BlackElo "2222"]

1.e4 c5 2.Nf3 e6 3.d4 cxd4 4.Nxd4 a6 5.Nc3 Qc7 6.Bd3 Bc5 7.Nb3 Be7 8.O-O b5
9.e5 b4 10.Ne4 Qxe5 11.Qf3 Qc7 12.Bf4 e5 13.Qg3 exf4 14.Qxg7 d5 15.Qxh8 Kf8
16.Ng5 Bxg5 17.Bxh7 Bf6 18.Qxg8+ Ke7 19.Rfe1+ Be6 20.Bf5 Qc6 21.Nc5 Nd7 22.Bxe6 Ne5
23.Qxf7+ Nxf7 24.Bxd5+ Kd6 25.Bxc6 Kxc6 26.Re6+  1-0

[Event "Podgaets Memorial Blitz"]
[Site "Odessa UKR"]
[Date "2009.12.03"]
[Round "7"]
[White "Golubev,M"]
[Black "Eingorn,V"]
[Result "1-0"]
[WhiteElo "2492"]
[BlackElo "2560"]

1.e4 c5 2.Nf3 e6 3.d4 cxd4 4.Nxd4 a6 5.Nc3 Qc7 6.Bd3 Nc6 7.Be3 Nf6 8.O-O Ne5
9.Be2 Bc5 10.f4 Nc6 11.e5 Nd5 12.Nxd5 exd5 13.Nf5 Bxe3+ 14.Nxe3 Qb6 15.Qd2 d6
16.Kh1 dxe5 17.Nxd5 Qd8 18.fxe5 O-O 19.Rad1 Be6 20.Nf6+ Kh8 21.Qf4 Qa5 22.Bd3 Qxe5
23.Qxe5 Nxe5 24.Nxh7 Nxd3 25.Nxf8 Nxb2 26.Rb1 Rxf8 27.Rxb2 b5 28.Kg1 g5 29.c3 Rd8
30.Rc1 f5 31.Kf2 Kg7 32.Ke3 Bc4 33.g3 Kf6 34.h4 f4+ 35.gxf4 gxh4 36.Rh2 h3
37.Rch1 Rd3+ 38.Ke4 Rd8 39.Rxh3 Bd5+ 40.Ke3 Bxh1 41.Rxh1 Rc8 42.Kd3 Kf5 43.Rh6 a5
44.Ra6 b4 45.Rxa5+ Kxf4 46.cxb4  1-0

[Event "2nd Dragon Capital"]
[Site "Ho Chi Minh City VIE"]
[Date "2009.12.04"]
[Round "3"]
[White "Nguyen Van Hai"]
[Black "Nguyen Hoang Nam1"]
[Result "0-1"]
[WhiteElo "2249"]
[BlackElo "2320"]

1.e4 c5 2.Nf3 e6 3.d4 cxd4 4.Nxd4 a6 5.Nc3 b5 6.Bd3 Qb6 7.Nb3 Bb7 8.Be3 Qc7
9.Qe2 Nf6 10.a3 d5 11.Bd4 dxe4 12.Nxe4 Nd5 13.O-O-O Nd7 14.g3 Be7 15.Rhe1 O-O
16.f4 Rfe8 17.Qh5 g6 18.Qh6 e5 19.fxe5 Nxe5 20.Kb1 Bf8 21.Qg5 Bg7 22.Be2 h6
23.Qc1 Rad8 24.Nec5 Bc8 25.Bxe5 Rxe5 26.Bf3 Rxe1 27.Rxe1 Nb6 28.Rd1 Rxd1
29.Qxd1 Nc4 30.c3 a5 31.Qd5 a4 32.Nc1 Qe7 33.Be4 Kh7 34.Bd3 Bf8 35.Ne4 Bf5
36.Qxb5 Ne5 37.Bc2 Nf3 38.Nf2 Nd2+ 39.Ka1 Bxc2 40.Qd5 Qe1 41.Qxf7+ Bg7 42.Nd3 Bxd3
43.Qxg6+ Bxg6  0-1

[Event "Open"]
[Site "Figueira da Foz POR"]
[Date "2009.12.05"]
[Round "8"]
[White "Dzhumaev,M"]
[Black "Galego,L"]
[Result "1/2-1/2"]
[WhiteElo "2535"]
[BlackElo "2435"]

1.e4 c5 2.Nf3 e6 3.Nc3 a6 4.d4 cxd4 5.Nxd4 Qc7 6.g3 Bb4 7.Ne2 Nf6 8.Bg2 Be7
9.O-O d6 10.h3 Nc6 11.Be3 b5 12.g4 Bb7 13.Ng3 Ne5 14.g5 Nfd7 15.Nce2 Rc8
16.Nd4 g6 17.b3 Nc6 18.Nde2 e5 19.Qd2 O-O 20.c3 Nc5 21.f4 exf4 22.Nxf4 Ne5
23.Nd5 Bxd5 24.exd5 f5 25.gxf6 Bxf6 26.Kh1 Bh4 27.Ne2 Ncd3 28.Kg1 Qe7 29.Nd4 Rxf1+
30.Rxf1 Rf8 31.Rxf8+ Qxf8 32.Qe2 Nf4 33.Qf1 Nxg2 34.Qxf8+ Kxf8 35.Kxg2 Ke7
36.Ne6 Be1 37.Bd4 Nd7 38.Ng5 b4 39.cxb4 h6 40.Ne6 Bxb4 41.Kf3 Nf6 42.Nc7 a5
43.a4 g5 44.Ke3 Bc5 45.Kd3 Bb4 46.Kc4 Ne4 47.Kd3 Nd2 48.Kc2 Nf3 49.Bb6 h5
50.Kd3 g4 51.hxg4 hxg4 52.Na6 Ne5+ 53.Ke2 Bc3 54.Nb8 Kf6 55.Nc6 Nd7 56.Bc7 Nc5
57.Bxd6 Nxb3 58.Kd3 Ba1 59.Ke4 Nd2+ 60.Kf4 Nc4 61.Be7+ Kf7 62.Bc5 Bf6 63.Kxg4 Nb2
64.Bb6 Nxa4 65.Bxa5 Bc3 66.Bc7 Nc5 67.Kf5 Bf6 68.Nb4 Bh4 69.Bb6 Nb7 70.Nc6 Bg3
71.Nb4 Ke7 72.Ba7 Kd7 73.Nd3 Bh2 74.Nb2 Nd6+ 75.Kg6 Nb5 76.Bc5  1/2-1/2

[Event "ch-IND National A"]
[Site "Mumbai IND"]
[Date "2009.12.06"]
[Round "6"]
[White "Anwesh,U"]
[Black "Kunte,A"]
[Result "1/2-1/2"]
[WhiteElo "2406"]
[BlackElo "2522"]

1.e4 c5 2.Nf3 e6 3.d4 cxd4 4.Nxd4 a6 5.Nc3 Qc7 6.Bd3 Nf6 7.O-O b5 8.a3 Bb7
9.Be3 d6 10.f4 Nbd7 11.Nb3 Be7 12.Qf3 Nc5 13.Nxc5 dxc5 14.Qg3 c4 15.Be2 Bc5
16.e5 Ne4 17.Nxe4 Bxe4 18.Bxc5 Qxc5+ 19.Kh1 O-O 20.Bf3 Qc6 21.Rad1 Rad8 22.Bxe4 Qxe4
23.Qf2 h6 24.Kg1 c3 25.bxc3 Qc4 26.Qe3 Qa2 27.Rxd8 Rxd8 28.Qb6 Rd2 29.Qxa6 Qxc2
30.Qa8+ Kh7 31.Qb7 Qxc3 32.Qxb5 Qxa3 33.Qb1+ g6 34.Qe1 Qc5+ 35.Kh1 Qd5 36.Qg3 Qc4
37.Qf3 Rd3 38.Qf2 Kg7 39.h3 Qd5 40.Kh2 Rd2 41.Qf3 Qxf3 42.Rxf3 Re2 43.h4 Re4
44.g3 g5 45.hxg5 hxg5 46.Kh3 Kg6 47.Kg4 Re1 48.Ra3 Rg1 49.Ra8 gxf4 50.Kxf4 Rf1+
51.Ke4 Kg7 52.Rb8 Ra1 53.Kf4 Rf1+ 54.Ke4 Kh7 55.Ra8 Kh6 56.Rh8+ Kg6 57.Rg8+ Kh7
58.Ra8 Rb1 59.Kf4 Rb4+ 60.Kg5 Kg7 61.Ra5 Rd4 62.Rb5 Rd3 63.g4  1/2-1/2

[Event "ch-IND National A"]
[Site "Mumbai IND"]
[Date "2009.12.09"]
[Round "8"]
[White "Anwesh,U"]
[Black "Maheswaran,P"]
[Result "1-0"]
[WhiteElo "2406"]
[BlackElo "2342"]

1.e4 c5 2.Nf3 e6 3.d4 cxd4 4.Nxd4 a6 5.Nc3 Qc7 6.Bd3 Nf6 7.O-O b5 8.e5 b4
9.exf6 bxc3 10.fxg7 Bxg7 11.Qg4 Be5 12.bxc3 Bxh2+ 13.Kh1 Be5 14.Re1 Bb7 15.Rb1 Nc6
16.Rxb7 Qxb7 17.Rxe5 Nxe5 18.Qg7 Nxd3 19.Qxh8+ Ke7 20.Bg5+ Kd6 21.Qf6 Nc5
22.Bf4+ Kd5 23.Qe5+ Kc4 24.Nb3 Qb6 25.Qd4+ Kb5 26.a4+ Nxa4 27.Qb4+ Kc6 28.Qxa4+ Kd5
29.c4+  1-0

[Event "ch-CXG IRT JC Ferreira"]
[Site "Rio de Janeiro BRA"]
[Date "2009.12.10"]
[Round "5"]
[White "Chauca,J"]
[Black "Ferreira,Jos"]
[Result "1-0"]
[WhiteElo "2057"]
[BlackElo "1980"]

1.e4 c5 2.Nf3 e6 3.d4 cxd4 4.Nxd4 a6 5.Nc3 b5 6.Bd3 d6 7.O-O Bb7 8.a4 b4
9.Na2 d5 10.e5 Nc6 11.Nxc6 Bxc6 12.b3 Bc5 13.Qg4 Ne7 14.Nxb4 Bb7 15.Bg5 O-O
16.Bf6 g6 17.Na2  1-0

[Event "ch-IND National A"]
[Site "Mumbai IND"]
[Date "2009.12.11"]
[Round "10"]
[White "Anwesh,U"]
[Black "Prathamesh,S"]
[Result "0-1"]
[WhiteElo "2406"]
[BlackElo "2382"]

1.e4 c5 2.Nf3 e6 3.d4 cxd4 4.Nxd4 a6 5.Nc3 b5 6.Bd3 d6 7.O-O Nf6 8.a4 b4
9.Na2 e5 10.Nb3 Nc6 11.Bd2 Qb6 12.a5 Qb7 13.Qe1 Rb8 14.Qe2 Be7 15.Rfe1 O-O
16.Bc4 Bd8 17.Nac1 h6 18.Ra4 Qd7 19.Ra1 Qa7 20.Be3 Qa8 21.f3 Ne7 22.Rd1 Bc7
23.Qd2 Qc6 24.Bf1 Be6 25.Nd3 Qb7 26.Qf2 Nc6 27.Ra4 Qc8 28.Qe1 Qb7 29.Kh1 Bc4
30.Qh4 Bd8 31.Qg3 Qc8 32.Qe1 Bb5 33.Raa1 Re8 34.Ndc1 Qe6 35.Bxb5 Rxb5 36.Ra4 Be7
37.Nd3 Qc4 38.Rc1 Reb8 39.Bb6 Nd7 40.Be3 Bd8 41.Bd2 Nf6 42.Nf2 Be7 43.Nd1 Qe6
44.Ne3 d5 45.Nf5 Bf8 46.Qh4 Ne7 47.Nxe7+ Bxe7 48.exd5 Rxd5 49.Qe1 e4 50.fxe4 Nxe4
51.Bxb4 Bg5 52.Rb1 Qc6 53.Raa1 Qxc2 54.Ra4 Nf2+ 55.Kg1 Nd3  0-1

[Event "ch-VIE Men Masters"]
[Site "Ho Chi Minh City VIE"]
[Date "2009.12.12"]
[Round "4"]
[White "Nguyen Hoang Nam"]
[Black "Tran Thanh Tu"]
[Result "1/2-1/2"]
[WhiteElo "2368"]
[BlackElo "2258"]

1.e4 c5 2.Nf3 e6 3.d4 cxd4 4.Nxd4 a6 5.Nc3 Qc7 6.Bd3 Nf6 7.O-O h5 8.h3 Bc5
9.Be3 d6 10.Qe2 Nbd7 11.f4 b5 12.Nb3 Bb7 13.Nxc5 Nxc5 14.Bd4 b4 15.e5 bxc3
16.exf6 gxf6 17.bxc3 Rg8 18.Rf2 e5 19.Rb1 Ne6 20.Be4 Bxe4 21.Qxe4 Rb8 22.Rxb8+ Qxb8
23.Be3 Ke7 24.fxe5 dxe5 25.Bc1 Qb1 26.Rf1 Qb6+ 27.Kh1 Qd6 28.Qb7+ Ke8 29.Qf3 Rg6
30.Rd1 e4 31.Rxd6 exf3 32.gxf3 Rg3 33.Bd2 f5 34.Rxa6 f4 35.Ra4 Rxf3 36.Kg2 Rg3+
37.Kh2 Rf3  1/2-1/2

[Event "Commonwealth Open"]
[Site "Singapore SIN"]
[Date "2009.12.12"]
[Round "5"]
[White "Neubronner,J"]
[Black "Mas,H"]
[Result "0-1"]
[WhiteElo "2215"]
[BlackElo "2419"]

1.e4 c5 2.Nf3 e6 3.d4 cxd4 4.Nxd4 a6 5.Nc3 Qc7 6.Be2 b5 7.O-O Bb7 8.Re1 b4
9.Nd5 exd5 10.exd5 Ne7 11.Bf3 d6 12.Nf5 Bc8 13.Nd4 h6 14.a3 g5 15.Bh5 Bg7
16.Ne6 Bxe6 17.dxe6 Nbc6 18.Bxf7+ Kd8 19.axb4 Nxb4 20.Re4 Nbc6 21.Ra3 Kc8
22.Rea4 d5 23.Rxa6 Rxa6 24.Rxa6 Kb7 25.Qd3 Rb8 26.Ra4 Qe5 27.Bd2 Qxb2 28.g3 Ra8
29.Rxa8 Kxa8 30.Be8 Kb7 31.Be3 d4 32.Bd2 Qa1+ 33.Kg2 Qa2 34.Qb5+ Kc7 35.Bxc6 Nxc6
36.Qf5 Kb6  0-1

[Event "16th Open A"]
[Site "Zadar CRO"]
[Date "2009.12.14"]
[Round "3"]
[White "Zelcic,R"]
[Black "Brulic,D"]
[Result "1-0"]
[WhiteElo "2545"]
[BlackElo "2323"]

1.e4 c5 2.Nf3 e6 3.d4 cxd4 4.Nxd4 a6 5.Nc3 Qc7 6.Be2 b5 7.O-O Bb7 8.Re1 Nc6
9.Nxc6 Bxc6 10.a4 b4 11.Nd5 Qb8 12.Bf4 Bd6 13.Bxd6 Qxd6 14.Bf1 Kf8 15.Nb6 Qxd1
16.Raxd1 Ra7 17.a5 e5 18.Nd5 b3 19.c4 Nf6 20.Rd3 Rb7 21.Ree3 Bxd5 22.exd5 Ke7
23.c5 d6 24.c6 Rb4 25.g3 g5 26.Rd2 Ra8 27.Rdd3 Rab8 28.Rd1 Ra8 29.f3 h5 30.Rc3 Ne8
31.f4 f6 32.fxg5 fxg5 33.Rf3 Nc7 34.Be2 Re4 35.Bf1 Rf8 36.Rxb3 Ra4 37.Rb7 Kd8
38.b4 Ra2 39.Bc4 Rc2 40.Bd3 Rb2 41.Rb8+ Ke7 42.Rxf8 Kxf8 43.Rf1+ Ke7 44.Bg6 Nxd5
45.Rf7+ Ke6 46.c7 Nxc7 47.Rxc7 Rxb4 48.Ra7 Ra4 49.Rxa6 Ra1+ 50.Kg2 Ra2+ 51.Kh3 g4+
52.Kh4 Rxh2+ 53.Kg5 h4 54.Kxg4 hxg3 55.Kxg3 Rh1 56.Be4 Re1 57.Kf3 Ra1 58.Ke3 Ra3+
59.Kd2 Ra4 60.Bc2 Ra3 61.Be4 Ra2+ 62.Kc3 Ra4 63.Bc2 Rh4 64.Ra8 Kd5 65.Rc8 e4
66.a6 Rh3+ 67.Kb4 Rh7 68.Rc4 Ra7 69.Bxe4+  1-0

[Event "16th Open A"]
[Site "Zadar CRO"]
[Date "2009.12.16"]
[Round "5"]
[White "Mazi,L"]
[Black "Rezan,S"]
[Result "0-1"]
[WhiteElo "2352"]
[BlackElo "2428"]

1.e4 c5 2.Nf3 e6 3.d4 cxd4 4.Nxd4 a6 5.Nc3 Qc7 6.g3 Bb4 7.Bd2 Nf6 8.Bg2 Nc6
9.Nb3 Be7 10.f4 d6 11.g4 b5 12.g5 Nd7 13.a3 Nb6 14.Qe2 O-O 15.O-O Re8 16.Rad1 Na4
17.Rb1 Rb8 18.Rf3 g6 19.h4 Nc5 20.Qf2 b4 21.axb4 Nxb4 22.Nxc5 Qxc5 23.Be3 Qa5
24.Rf1 d5 25.f5 gxf5 26.exf5 e5 27.Qg3 d4 28.g6 hxg6 29.fxg6 f5 30.Bxd4 exd4
31.Qxb8 dxc3 32.Rxf5 Qd8 33.Rf7 Bc5+  0-1

[Event "IRT 35th Ann ALEX"]
[Site "Rio de Janeiro ARG"]
[Date "2009.12.17"]
[Round "2"]
[White "Farias,JoseC"]
[Black "Chaves,Jor"]
[Result "1-0"]
[WhiteElo "2012"]
[BlackElo "2056"]

1.e4 c5 2.Nf3 e6 3.d4 cxd4 4.Nxd4 a6 5.Nc3 Qc7 6.Be2 Nf6 7.a3 Nc6 8.O-O Nxd4
9.Qxd4 Bd6 10.h3 Bh2+ 11.Kh1 Be5 12.Qd3 d5 13.exd5 Bxc3 14.d6 Qa5 15.bxc3 Bd7
16.c4 Rc8 17.Bd2 Qd8 18.a4 Bc6 19.Bg5 h6 20.Bf4 Qd7 21.Qb3 Ne4 22.Qb2 O-O
23.a5 f5 24.f3 Nf6 25.Be5 Rf7 26.Qd4 Qd8 27.Rfd1 Nd7 28.Ra3 Qf8 29.f4 g6
30.Rg3 Kh7 31.h4 Qd8 32.Kh2 Nxe5 33.Qxe5 Qxh4+ 34.Rh3 Qf2 35.Rg3 Bd7 36.Qe3 Qxe3
37.Rxe3 Kg7 38.Bf3 Rxc4 39.Bxb7 Rxf4 40.Bxa6 Ra4 41.Re5 Kf6 42.Rc5 Rf8 43.Bb7 Rd8
44.a6 e5 45.c4 e4 46.Rc7 f4 47.Rxd7 Rxd7 48.Bc6 Rxa6 49.Bxd7 Ra2 50.Kg1 e3
51.Bg4 Ra8 52.c5 h5 53.Bf3 h4 54.Bxa8  1-0

[Event "IRT 35th Ann ALEX"]
[Site "Rio de Janeiro ARG"]
[Date "2009.12.19"]
[Round "4"]
[White "Guimaraes,W"]
[Black "Dumont,S"]
[Result "1/2-1/2"]
[WhiteElo "2265"]
[BlackElo "2321"]

1.e4 c5 2.Nf3 e6 3.d4 cxd4 4.Nxd4 a6 5.Nc3 b5 6.Bd3 Qb6 7.Nf3 Qc7 8.O-O b4
9.Nb1 Nc6 10.a3 Nf6 11.axb4 Nxb4  1/2-1/2

[Event "IRT 35th Ann ALEX"]
[Site "Rio de Janeiro ARG"]
[Date "2009.12.19"]
[Round "4"]
[White "Rodi,L"]
[Black "Mascarenhas,Alb"]
[Result "1-0"]
[WhiteElo "2364"]
[BlackElo "2206"]

1.e4 c5 2.Nc3 e6 3.Nf3 a6 4.d4 cxd4 5.Nxd4 Qc7 6.Bd3 Bc5 7.Nb3 Be7 8.Qg4 Nf6
9.Qxg7 Rg8 10.Qh6 Rxg2 11.Bf4 Rg6 12.Qxg6 Qxf4 13.Qg3  1-0

[Event "9th Amplico Life Rapid"]
[Site "Warsaw POL"]
[Date "2009.12.19"]
[Round "1"]
[White "Vovk,A"]
[Black "Kowara,M"]
[Result "1-0"]
[WhiteElo "2512"]
[BlackElo "1810"]

1.e4 c5 2.Nf3 e6 3.d4 cxd4 4.Nxd4 a6 5.Nc3 Qc7 6.Be2 Nf6 7.O-O b5 8.Bf3 Bb7
9.e5 Ng8 10.Bf4 Nc6 11.Nxc6 dxc6 12.a4 Ne7 13.axb5 cxb5 14.Nxb5 axb5 15.Rxa8+ Bxa8
16.Bxa8 Ng6 17.Bg5 Nxe5 18.Qe2 Qb8 19.Qxe5  1-0

[Event "9th Amplico Life Rapid"]
[Site "Warsaw POL"]
[Date "2009.12.19"]
[Round "1"]
[White "Wozniak,B"]
[Black "Gritsak,O"]
[Result "0-1"]
[WhiteElo "1815"]
[BlackElo "2521"]

1.e4 c5 2.Nf3 e6 3.d4 cxd4 4.Nxd4 a6 5.Nc3 d6 6.Be3 b5 7.a3 Bb7 8.Qd2 Nf6
9.f3 Nbd7 10.O-O-O d5 11.exd5 Nxd5 12.Ne4 Be7 13.Kb1 O-O 14.Bd3 Ne5 15.Rhe1 Rc8
16.f4 Nc4 17.Bxc4 Rxc4 18.Ng5 Qc8 19.c3 Rd8 20.Qd3 g6 21.Ngf3 Nxc3+ 22.bxc3 Rxc3
23.Qd2 Be4+ 24.Kb2 Bxa3+ 25.Ka1 Bb4  0-1

[Event "9th Amplico Life Rapid"]
[Site "Warsaw POL"]
[Date "2009.12.19"]
[Round "2"]
[White "Macieja,B"]
[Black "Erdelyi,T"]
[Result "1-0"]
[WhiteElo "2627"]
[BlackElo "2156"]

1.e4 c5 2.Nc3 a6 3.Nge2 e6 4.d4 cxd4 5.Nxd4 Qc7 6.Bd3 Bc5 7.Nb3 Be7 8.f4 d6
9.Be3 Nd7 10.Qf3 h5 11.O-O-O Ngf6 12.h3 h4 13.g4 hxg3 14.Qxg3 g6 15.f5 gxf5
16.exf5 e5 17.Be4 Rg8 18.Qf3 Nxe4 19.Nxe4 Nf6 20.Rhg1 Rh8 21.Bg5 Nxe4 22.Bxe7 Kxe7
23.Qxe4 Bd7 24.Rg3 Qc6 25.f6+ Kxf6 26.Rf1+ Ke7 27.Rxf7+ Kxf7 28.Qg6+ Ke7
29.Qg7+ Ke6 30.Rg6+ Kd5 31.Qf7+ Ke4 32.Nd2+ Kd4 33.Qf2+ Kd5 34.c4+  1-0

[Event "9th Amplico Life Rapid"]
[Site "Warsaw POL"]
[Date "2009.12.19"]
[Round "3"]
[White "Paehtz,E"]
[Black "Cajbel,M"]
[Result "1-0"]
[WhiteElo "2480"]
[BlackElo "2226"]

1.e4 c5 2.Nc3 e6 3.Nf3 a6 4.d4 cxd4 5.Nxd4 b5 6.Bd3 Qc7 7.O-O Nf6 8.Qe2 Bb7
9.Kh1 d6 10.a4 b4 11.Na2 d5 12.e5 Nfd7 13.f4 Nc6 14.Nxc6 Bxc6 15.Bxa6 Qa5
16.Bd3 Bxa4 17.Nc3 bxc3 18.b3 Qc7 19.bxa4 Bc5 20.f5 Qxe5 21.fxe6 Qxe6 22.Qh5 g6
23.Qh6 Bf8 24.Qh4 Be7 25.Qh6 Bf8 26.Qh4 Be7 27.Bg5 Bxg5 28.Qxg5 O-O 29.Bb5 Nc5
30.Rf6 Qe4 31.Raf1 Nxa4 32.Bc6 Ra5 33.R6f4 Qxc2 34.Bxd5 Ra7 35.h4 Nb6 36.Be4 Qa2
37.h5 Ra5 38.Bf5 Nd5 39.R4f2 Qc4 40.hxg6 hxg6 41.Be6 Kg7 42.Rxf7+  1-0

[Event "9th Amplico Life Rapid"]
[Site "Warsaw POL"]
[Date "2009.12.19"]
[Round "7"]
[White "Dworakowska,J"]
[Black "Miton,K"]
[Result "0-1"]
[WhiteElo "2361"]
[BlackElo "2586"]

1.e4 c5 2.Nf3 e6 3.d4 cxd4 4.Nxd4 a6 5.Nc3 Qc7 6.Be2 Nf6 7.O-O Nc6 8.Be3 b5
9.Re1 Be7 10.Bf3 Ne5 11.Be2 Bb7 12.f4 Nc4 13.Bxc4 Qxc4 14.Qd3 Rc8 15.Bf2 Bb4
16.e5 Qxd3 17.cxd3 Bxc3 18.bxc3 Nd5 19.Ne2 Nxc3 20.Nxc3 Rxc3 21.Rec1 Rxc1+
22.Rxc1 Bc6 23.Bc5 f6 24.Bd6 Kf7 25.a3 h5 26.d4 Kg6 27.Kf2 Kf5 28.Ke3 h4
29.Rc2 Rh6 30.Rc5 Bd5 31.Rc7 Rg6 32.g3 hxg3 33.hxg3 Rxg3+ 34.Kf2 Rf3+ 35.Ke2 Rxf4
36.exf6 Re4+ 37.Kd3 gxf6 38.Rxd7 Rh4 39.Ra7 Rh3+ 40.Kd2 Ke4 41.Bc5 f5 42.Rxa6 f4
43.a4 Rh2+ 44.Kc3 bxa4 45.Rxa4 f3 46.Ra1 f2 47.Bd6 Rg2 48.Rh1 Rg1 49.Rh4+ Ke3
50.Bf4+ Ke2 51.Rh2 Rg2 52.Rh1 f1=Q  0-1

[Event "9th Amplico Life Rapid"]
[Site "Warsaw POL"]
[Date "2009.12.19"]
[Round "7"]
[White "Lewtak,Da"]
[Black "Vidarte Morales,A"]
[Result "1-0"]
[WhiteElo "1939"]
[BlackElo "2423"]

1.e4 c5 2.Nf3 e6 3.d4 cxd4 4.Nxd4 a6 5.Nc3 Qc7 6.Bd3 b5 7.O-O Bb7 8.Re1 Nc6
9.Nxc6 dxc6 10.e5 Ne7 11.Bf4 O-O-O 12.Ne4 Ng6 13.Nd6+ Bxd6 14.exd6 Qd7 15.Bg3 Kb8
16.a4 f6 17.c4 bxc4 18.Bxc4 e5 19.Qb3 c5 20.Red1 Ka7 21.Bd5 Rb8 22.Qc4 Rhc8
23.Be6 Qc6 24.Bd5 Qb6 25.f3 Bxd5 26.Qxd5 Qb7 27.d7 Rd8 28.Qxc5+ Ka8 29.Qd6 Qb6+
30.Bf2 Qxd6 31.Rxd6 Rb7 32.Rad1 Nf8 33.Rxa6+ Kb8 34.Rad6 Rdxd7 35.Rxd7 Nxd7
36.Rd2 Kc8 37.a5 Nb8 38.Bb6 Nd7 39.Be3 Nb8 40.Rc2+ Kd7 41.Bb6 Nc6 42.Rc4 Ne7
43.b4 Nd5 44.Bc5 Nc7 45.Bf2 Nd5 46.a6 Rc7 47.a7 Rxc4 48.a8=Q Nxb4 49.Bb6 Nc6
50.Qb7+ Ke6 51.Qxg7 Rc1+ 52.Kf2 Rc2+ 53.Kg3 Ne7 54.Qxh7 Rc6 55.Be3 Nf5+ 56.Kf2 Rc2+
57.Ke1 Nxe3 58.Qd3 Rxg2 59.Qxe3 Rxh2 60.f4 Rh5 61.Kd2 Kf7 62.Kd3 exf4 63.Qxf4 Rg5
64.Qc7+ Kf8 65.Ke4 Re5+ 66.Kf4 Rg5 67.Qd6+ Kf7 68.Qd7+ Kf8 69.Qe6 Rg6 70.Kf5 Rh6
71.Kg4 Kg7 72.Qe7+ Kg8 73.Kf5 Kh8 74.Qf7 Rh2 75.Qxf6+ Kh7 76.Qf7+ Kh8 77.Qe8+ Kg7
78.Qe5+  1-0

[Event "9th Amplico Life Rapid"]
[Site "Warsaw POL"]
[Date "2009.12.20"]
[Round "9"]
[White "Dragun,K"]
[Black "Olszewski,Mi"]
[Result "0-1"]
[WhiteElo "2284"]
[BlackElo "2541"]

1.e4 c5 2.Nf3 e6 3.d4 cxd4 4.Nxd4 a6 5.Nc3 Qc7 6.g3 Nf6 7.Bg2 d6 8.O-O Be7
9.a4 Nc6 10.Nxc6 bxc6 11.e5 dxe5 12.Re1 Nd5 13.Ne4 O-O 14.c4 Nb4 15.Qe2 f5
16.Nc3 e4 17.f3 Bc5+ 18.Kh1 Nd3 19.Rf1 Nxc1 20.Raxc1 e3 21.f4 Rb8 22.Nd1 Rb3
23.Rc3 Rxc3 24.bxc3 Qb6 25.Rf3 Rd8 26.Nxe3 Bxe3 27.Rxe3 Qb1+ 28.Bf1 Rd2 29.Qf3 c5
30.Kg1 Bb7  0-1

[Event "9th Amplico Life Rapid"]
[Site "Warsaw POL"]
[Date "2009.12.20"]
[Round "9"]
[White "Barski,R"]
[Black "Vidarte Morales,A"]
[Result "0-1"]
[WhiteElo "2206"]
[BlackElo "2423"]

1.e4 c5 2.Nf3 e6 3.d4 cxd4 4.Nxd4 a6 5.Nc3 Qc7 6.Bd3 b5 7.O-O Bb7 8.Qe2 Nc6
9.Nb3 Ne5 10.Be3 Nf6 11.h3 Be7 12.f4 Nc4 13.Bc1 Rc8 14.e5 Nd5 15.Ne4 f5 16.exf6 Nxf6
17.Nxf6+ Bxf6 18.f5 O-O 19.fxe6 Qb6+ 20.Kh1 Qxe6 21.Qxe6+ dxe6 22.a4 Ne5
23.Be2 Ng6 24.axb5 axb5 25.c3 Nh4 26.Rf2 Be5 27.Be3 Rxf2 28.Bxf2 Nxg2 29.Kg1 Nf4
30.Kf1 b4 31.cxb4 Nxe2 32.Kxe2 Rc2+ 33.Nd2 Rxb2 34.Kd3 Rxd2+  0-1

[Event "9th Amplico Life Rapid"]
[Site "Warsaw POL"]
[Date "2009.12.20"]
[Round "12"]
[White "Najbar,Mar"]
[Black "Vovk,A"]
[Result "1-0"]
[WhiteElo "2222"]
[BlackElo "2512"]

1.e4 c5 2.Nf3 e6 3.d4 cxd4 4.Nxd4 a6 5.Nc3 Qc7 6.Bd3 Nf6 7.O-O Nc6 8.Nxc6 bxc6
9.Kh1 d5 10.f4 Be7 11.e5 Nd7 12.Ne2 c5 13.c4 Bb7 14.Qe1 g6 15.Bd2 Qc6 16.Qg3 h5
17.cxd5 exd5 18.Qh3 h4 19.Rac1 Qb6 20.b3 g5 21.Bf5 Bc6 22.e6 fxe6 23.Bxe6 Nf6
24.fxg5 Ne4 25.Bf4 d4 26.g6 Bf6 27.Bf7+ Kf8 28.Bd6+ Kg7 29.Rxf6 Nxf6 30.Bxc5 Qb7
31.Bxd4 Rad8 32.Bxf6+ Kxf6 33.Qe6+ Kg5 34.Rxc6 Rd1+ 35.Ng1 Rxg1+ 36.Kxg1 Qa7+
37.Kf1 Qd4 38.Qe7+ Kg4 39.Rc4  1-0

[Event "Tata Steel TCh-Asia w"]
[Site "Kolkata IND"]
[Date "2009.12.23"]
[Round "2"]
[White "Soumya,Sw"]
[Black "Hejazipour,M"]
[Result "1/2-1/2"]
[WhiteElo "2303"]
[BlackElo "2176"]

1.e4 c5 2.Nf3 e6 3.d4 cxd4 4.Nxd4 a6 5.Nc3 Qc7 6.Bd3 Nf6 7.O-O Nc6 8.Be3 b5
9.Nxc6 Qxc6 10.f3 Bc5 11.Qd2 d6 12.a4 b4 13.Nd1 O-O 14.Kh1 Bb7 15.a5 Rac8
16.Bxc5 Qxc5 17.Ra4 Bc6 18.Rxb4 Qxa5 19.c3 Rfd8 20.Qe2 Ra8 21.Rb3 d5 22.Ra3 Qb6
23.e5 Nd7 24.b4 Bb5 25.Nf2 Qc6 26.Rfa1 Nb6 27.f4 Nc4 28.R3a2 Rac8 29.Qh5 g6
30.Qh3 h5 31.Qg3 Kf8 32.Qg5 Ne3 33.Bxg6 fxg6 34.Qf6+ Ke8 35.Qxg6+ Kf8 36.Qh6+ Kg8
37.Qg5+ Kf8 38.Qf6+ Ke8 39.Qh8+ Ke7 40.Qg7+ Ke8 41.Qg6+  1/2-1/2

[Event "Open A"]
[Site "Groningen NED"]
[Date "2009.12.24"]
[Round "4"]
[White "Bijlsma,N"]
[Black "Schiffer,KU"]
[Result "0-1"]
[WhiteElo "2075"]
[BlackElo "2318"]

1.e4 c5 2.Nf3 e6 3.d4 cxd4 4.Nxd4 a6 5.Nc3 Qc7 6.g3 Bb4 7.Ne2 Nf6 8.Bg2 Be7
9.O-O d6 10.h3 O-O 11.g4 Nc6 12.Ng3 b5 13.a3 Bb7 14.g5 Nd7 15.f4 Rfe8 16.Qe2 Bf8
17.Kh2 b4 18.axb4 Nxb4 19.Be3 d5 20.e5 a5 21.Rf2 Ba6 22.Qg4 Bc5 23.Bxc5 Qxc5
24.Rd2 Qe3 25.Rad1 Nf8 26.Nce2 Ng6 27.c3 Nd3 28.Nf1 Qb6 29.Rxd3 Bxd3 30.Rxd3 Qxb2
31.Rd2 Qb3 32.Ne3 a4 33.Nxd5 Rad8 34.Nd4 Qc4 35.Nb6 Qxc3 36.Qd1 a3 37.Na4 Qb4
38.Bc6 Rf8 39.Kg3 a2 40.Rd3 Qb1 41.Nc3 Qxd3+ 42.Qxd3 a1=Q  0-1

[Event "Tata Steel TCh-Asia"]
[Site "Kolkata IND"]
[Date "2009.12.25"]
[Round "4"]
[White "Novita,A"]
[Black "Mahjoob,M"]
[Result "1/2-1/2"]
[WhiteElo "2340"]
[BlackElo "2510"]

1.e4 c5 2.Nf3 e6 3.d4 cxd4 4.Nxd4 a6 5.Nc3 b5 6.Bd3 Qb6 7.Nf3 Nc6 8.O-O Qb8
9.a4 b4 10.Ne2 Bd6 11.h3 Nf6 12.Be3 Be7 13.Ned4 Bb7 14.Qe2 O-O 15.c4 bxc3
16.bxc3 Ne5 17.Nxe5 Qxe5 18.f4 Qc7 19.e5 Nd5 20.Kh1 Rfc8 21.Rac1 Nxc3 22.Qg4 Qb8
23.Rce1 Be4 24.Bxe4 Nxe4 25.Qf3 f5 26.g4 Qb7 27.Rg1 Rc3 28.gxf5 Bc5 29.Kh2 Bxd4
30.Qg2 d5 31.Bxd4 Rd3 32.Rd1 Rxd1 33.Rxd1 exf5 34.Qe2 Qc6 35.Rg1 Qh6 36.Be3 Rc8
37.Qb2 Qc6 38.Rg2 g6 39.h4 Kf7 40.h5 Rc7 41.Qb8 Rc8 42.Qa7+ Rc7 43.Qb8 Rc8  1/2-1/2